Famous 4 X 4 Quiz Stats

Quiz Updated Feb 2, 2016

Also try: Famous 5 X 5
Challenge
Share
Tweet
Embed
Score 0/20 Timer 04:00
0 Plays Today
Clue Answer % Correct
Star of 'Se7en,' 'Ocean's Eleven' and '12 Monkeys'Brad Pitt
93.9%
Either of Superman's girlfriendsLois Lane or Lana Lang
92.4%
Resident of Jellystone ParkYogi Bear
79.5%
He hit 714 career home runsBabe Ruth
78.6%
Author of 'The Communist Manifesto'Karl Marx
74.7%
Oscar winning actor for 'Mystic River' and 'Milk'Sean Penn
73.8%
Female rock singer who sang 'I Love Rock N Roll' with the BlackheartsJoan Jett
73.4%
American actor known for playing 'Hawkeye' in M*A*S*HAlan Alda
64%
Famous title heroine written by Charlotte BrontëJane Eyre
59.7%
Her real name is Stefani Joanne Angelina GermanottaLady Gaga
56.3%
Clue Answer % Correct
Oscar winning director with his brother EthanJoel Coen
50.1%
English supermodel known for her waifish lookKate Moss
49.7%
Younger brother to the three 'Bee Gees' membersAndy Gibb
41.4%
American female folk singer and activist who appeared at Woodstock Joan Baez
40.4%
Stage name of a Dutch dancer executed in WWI as a German spyMata Hari
40.3%
Original drummer of 'The Beatles'Pete Best
37.4%
'The Tonight Show' host before Johnny CarsonJack Paar
36.2%
Troubled US golfer that won 2 majors in the '90sJohn Daly
32.8%
Canadian singer of 'Put Your Head on My Shoulder'; the name of Lorelai Gilmore's adopted dogPaul Anka
24.6%
Had a UK No.1 hit with 'Wuthering Heights'Kate Bush
20.7%

You're not logged in!

Compare scores with friends on all Sporcle quizzes.
Join for Free
OR
Log In

You Might Also Like...

Show Comments

Extras

Top Quizzes Today


Score Distribution

Your Account Isn't Verified!

In order to create a playlist on Sporcle, you need to verify the email address you used during registration. Go to your Sporcle Settings to finish the process.

Report this User

Report this user for behavior that violates our Community Guidelines.

Details: